| 000 | 00984nmm a2200289 a 4500 | ||
|---|---|---|---|
| 001 | ocm0001703161 | ||
| 003 | TR-IsHL | ||
| 005 | 20201028170340.0 | ||
| 008 | 180110s2017 tu tur | ||
| 007 | cr cn | ||
| 020 | _a9786059496742 | ||
| 035 |
_a1703161 _b(N$T) |
||
| 050 | 0 | 4 |
_aPS1059.B48 _bS76 2017 |
| 090 | 0 | 4 |
_aPS1059.B48 _bS76 2017 |
| 100 | 1 | _aBaldwin, James | |
| 245 | 1 | 0 |
_aThe story of Siegfried _h[electronic resource] / _cJames Baldwin ; illustrated by Howard Pyle |
| 260 |
_aİstanbul : _bE-Kitap Projesi & Cheapest Books , _c2017 |
||
| 300 | _a306 p. | ||
| 650 | 4 | _aDil ve Edebiyat | |
| 650 | 4 | _aLanguage and Literature | |
| 650 | 0 | _aBaldwin, James, 1924-1987 | |
| 650 | 0 | _aSiegfried (Efsanevi karakter) | |
| 650 | 0 | _aSiegfried (Legendary character) | |
| 650 | 7 |
_aLITERARY COLLECTIONS / American / General _2bisacsh |
|
| 700 | 1 | _aPyle, Howard | |
| 856 | 4 | 0 | _uhttp://search.ebscohost.com/login.aspx?direct=true&scope=site&db=e011xww&AN=1703161 |
| 999 |
_c16221 _d16221 |
||